<?xml version="1.0" encoding="UTF-8"?>
<collection xmlns="http://www.loc.gov/MARC21/slim">
 <record>
  <leader>02359aam a22002898a 4500</leader>
  <controlfield tag="001">NCT_11789</controlfield>
  <controlfield tag="008">140210s2013                  ||||||viesd</controlfield>
  <datafield tag="999" ind1=" " ind2=" ">
   <subfield code="c">563</subfield>
   <subfield code="d">563</subfield>
  </datafield>
  <datafield tag="020" ind1=" " ind2=" ">
   <subfield code="c">175000</subfield>
  </datafield>
  <datafield tag="082" ind1="0" ind2="4">
   <subfield code="2">23rd ed.</subfield>
   <subfield code="a">345.59701</subfield>
   <subfield code="b">PH561P</subfield>
  </datafield>
  <datafield tag="245" ind1="0" ind2="0">
   <subfield code="a">Phương pháp nghiên cứu đánh giá chứng cứ trong tố tụng hình sự và kỹ năng áp dụng pháp luật hình sự</subfield>
  </datafield>
  <datafield tag="260" ind1=" " ind2=" ">
   <subfield code="a">H.</subfield>
   <subfield code="b">Hồng Đức</subfield>
   <subfield code="c">2013</subfield>
  </datafield>
  <datafield tag="300" ind1=" " ind2=" ">
   <subfield code="a">463tr.</subfield>
   <subfield code="c">28cm</subfield>
  </datafield>
  <datafield tag="520" ind1="3" ind2=" ">
   <subfield code="a">Trình bày phương pháp, kỹ năng nghiên cứu và đánh giá chứng cứ trong tố tụng hình sự. Đồng thời giới thiệu bộ luật hình sự và các văn bản hướng dẫn thi hành</subfield>
  </datafield>
  <datafield tag="653" ind1=" " ind2=" ">
   <subfield code="a">Luật học</subfield>
  </datafield>
  <datafield tag="655" ind1=" " ind2="7">
   <subfield code="a">Văn bản pháp luật</subfield>
  </datafield>
  <datafield tag="942" ind1=" " ind2=" ">
   <subfield code="2">ddc</subfield>
   <subfield code="c">BK</subfield>
  </datafield>
  <datafield tag="952" ind1=" " ind2=" ">
   <subfield code="0">0</subfield>
   <subfield code="1">0</subfield>
   <subfield code="2">ddc</subfield>
   <subfield code="4">0</subfield>
   <subfield code="6">345_597010000000000_L504</subfield>
   <subfield code="7">0</subfield>
   <subfield code="9">4062</subfield>
   <subfield code="a">000001</subfield>
   <subfield code="b">000001</subfield>
   <subfield code="d">2017-11-23</subfield>
   <subfield code="o">345.59701 L504</subfield>
   <subfield code="p">MD.02781</subfield>
   <subfield code="r">2017-11-23</subfield>
   <subfield code="v">175000.00</subfield>
   <subfield code="w">2017-11-23</subfield>
   <subfield code="y">BK</subfield>
  </datafield>
  <datafield tag="952" ind1=" " ind2=" ">
   <subfield code="0">0</subfield>
   <subfield code="1">0</subfield>
   <subfield code="2">ddc</subfield>
   <subfield code="4">0</subfield>
   <subfield code="6">345_597010000000000_L504</subfield>
   <subfield code="7">0</subfield>
   <subfield code="9">4063</subfield>
   <subfield code="a">000001</subfield>
   <subfield code="b">000001</subfield>
   <subfield code="d">2017-11-23</subfield>
   <subfield code="l">1</subfield>
   <subfield code="o">345.59701 L504</subfield>
   <subfield code="p">MD.02754</subfield>
   <subfield code="r">2020-06-01</subfield>
   <subfield code="s">2020-05-16</subfield>
   <subfield code="v">175000.00</subfield>
   <subfield code="w">2017-11-23</subfield>
   <subfield code="y">BK</subfield>
  </datafield>
  <datafield tag="952" ind1=" " ind2=" ">
   <subfield code="0">0</subfield>
   <subfield code="1">0</subfield>
   <subfield code="2">ddc</subfield>
   <subfield code="4">0</subfield>
   <subfield code="6">345_597010000000000_L504</subfield>
   <subfield code="7">0</subfield>
   <subfield code="9">4064</subfield>
   <subfield code="a">000001</subfield>
   <subfield code="b">000001</subfield>
   <subfield code="d">2017-11-23</subfield>
   <subfield code="l">1</subfield>
   <subfield code="o">345.59701 L504</subfield>
   <subfield code="p">MD.02755</subfield>
   <subfield code="r">2019-10-09</subfield>
   <subfield code="s">2019-09-24</subfield>
   <subfield code="v">175000.00</subfield>
   <subfield code="w">2017-11-23</subfield>
   <subfield code="y">BK</subfield>
  </datafield>
  <datafield tag="952" ind1=" " ind2=" ">
   <subfield code="0">0</subfield>
   <subfield code="1">0</subfield>
   <subfield code="2">ddc</subfield>
   <subfield code="4">0</subfield>
   <subfield code="6">345_597010000000000_L504</subfield>
   <subfield code="7">0</subfield>
   <subfield code="9">4065</subfield>
   <subfield code="a">000001</subfield>
   <subfield code="b">000001</subfield>
   <subfield code="d">2017-11-23</subfield>
   <subfield code="o">345.59701 L504</subfield>
   <subfield code="p">MD.02756</subfield>
   <subfield code="r">2017-11-23</subfield>
   <subfield code="v">175000.00</subfield>
   <subfield code="w">2017-11-23</subfield>
   <subfield code="y">BK</subfield>
  </datafield>
  <datafield tag="952" ind1=" " ind2=" ">
   <subfield code="0">0</subfield>
   <subfield code="1">0</subfield>
   <subfield code="2">ddc</subfield>
   <subfield code="4">0</subfield>
   <subfield code="6">345_597010000000000_L504</subfield>
   <subfield code="7">0</subfield>
   <subfield code="9">4066</subfield>
   <subfield code="a">000001</subfield>
   <subfield code="b">000001</subfield>
   <subfield code="d">2017-11-23</subfield>
   <subfield code="l">2</subfield>
   <subfield code="o">345.59701 L504</subfield>
   <subfield code="p">MD.02757</subfield>
   <subfield code="r">2019-05-09</subfield>
   <subfield code="s">2019-04-17</subfield>
   <subfield code="v">175000.00</subfield>
   <subfield code="w">2017-11-23</subfield>
   <subfield code="y">BK</subfield>
  </datafield>
  <datafield tag="952" ind1=" " ind2=" ">
   <subfield code="0">0</subfield>
   <subfield code="1">0</subfield>
   <subfield code="2">ddc</subfield>
   <subfield code="4">0</subfield>
   <subfield code="6">345_597010000000000_L504</subfield>
   <subfield code="7">0</subfield>
   <subfield code="9">4067</subfield>
   <subfield code="a">000001</subfield>
   <subfield code="b">000001</subfield>
   <subfield code="d">2017-11-23</subfield>
   <subfield code="o">345.59701 L504</subfield>
   <subfield code="p">MD.02758</subfield>
   <subfield code="r">2017-11-23</subfield>
   <subfield code="v">175000.00</subfield>
   <subfield code="w">2017-11-23</subfield>
   <subfield code="y">BK</subfield>
  </datafield>
  <datafield tag="952" ind1=" " ind2=" ">
   <subfield code="0">0</subfield>
   <subfield code="1">0</subfield>
   <subfield code="2">ddc</subfield>
   <subfield code="4">0</subfield>
   <subfield code="6">345_597010000000000_L504</subfield>
   <subfield code="7">0</subfield>
   <subfield code="9">4068</subfield>
   <subfield code="a">000001</subfield>
   <subfield code="b">000001</subfield>
   <subfield code="d">2017-11-23</subfield>
   <subfield code="o">345.59701 L504</subfield>
   <subfield code="p">MD.02759</subfield>
   <subfield code="r">2017-11-23</subfield>
   <subfield code="v">175000.00</subfield>
   <subfield code="w">2017-11-23</subfield>
   <subfield code="y">BK</subfield>
  </datafield>
  <datafield tag="952" ind1=" " ind2=" ">
   <subfield code="0">0</subfield>
   <subfield code="1">0</subfield>
   <subfield code="2">ddc</subfield>
   <subfield code="4">0</subfield>
   <subfield code="6">345_597010000000000_L504</subfield>
   <subfield code="7">0</subfield>
   <subfield code="9">4069</subfield>
   <subfield code="a">000001</subfield>
   <subfield code="b">000001</subfield>
   <subfield code="d">2017-11-23</subfield>
   <subfield code="l">1</subfield>
   <subfield code="o">345.59701 L504</subfield>
   <subfield code="p">MD.02760</subfield>
   <subfield code="r">2018-11-07</subfield>
   <subfield code="s">2018-10-31</subfield>
   <subfield code="v">175000.00</subfield>
   <subfield code="w">2017-11-23</subfield>
   <subfield code="y">BK</subfield>
  </datafield>
  <datafield tag="952" ind1=" " ind2=" ">
   <subfield code="0">0</subfield>
   <subfield code="1">0</subfield>
   <subfield code="2">ddc</subfield>
   <subfield code="4">0</subfield>
   <subfield code="6">345_597010000000000_L504</subfield>
   <subfield code="7">0</subfield>
   <subfield code="9">4245</subfield>
   <subfield code="a">000001</subfield>
   <subfield code="b">000001</subfield>
   <subfield code="d">2017-11-25</subfield>
   <subfield code="o">345.59701 L504</subfield>
   <subfield code="p">MD.01258</subfield>
   <subfield code="r">2017-11-25</subfield>
   <subfield code="v">175000.00</subfield>
   <subfield code="w">2017-11-25</subfield>
   <subfield code="y">BK</subfield>
  </datafield>
  <datafield tag="980" ind1=" " ind2=" ">
   <subfield code="a">Thư viện Trường Đại học Nam Cần Thơ</subfield>
  </datafield>
 </record>
</collection>
